00680nam a2200217 a 4500001000800000005001700008008004100025010001700066040001800083041000800101080001500109082001900124100000700143101000800150245008600158504003000244906004500274942001200319999001700331952011400348386133520180227092642.0880520s1985 utua b 000 0 eng  a 88142570  aDLCcDLCdDLC aeng a640.43 WIN00a640.43 WIN2191 a54 aMEN10aExcellence through time management /cby Richard I. Winwood, with Hyrum W. Smith. aBibliography: p. 136-138. a7bcbccorignewd2encipf19gy-gencatlg 2ddccBK c43650d43650 00102udc40708PËKGa002b002cPËKGd2018-02-27l0o640.43 WINp002-3000439r2018-02-27w2018-02-27yBK